Estudio de prefactibilidad para la creación de un centro tecnológico en la ciudad de Nindirí

El estudio de prefactibilidad para la creación de un centro de capacitación y desarrollo en la ciudad de Nindirí, está compuesto por un análisis con enfoque sistémico y tres estudios que permiten evaluar la factibilidad del centro, dichos estudios son estudio de mercado, técnico y para conclu...

Full description

Bibliographic Details
Main Authors: Cabrera Sirias, Warrell Alberto, Suarez Vanessa Liseth, Valdivia, Josué Isaías
Other Authors: Tutor: Selva Mendoza, Mario José
Format: Tesis Section = Libro
Language:Undetermined
Spanish
Published: Managua UNI 2022
Subjects:
LEADER 01240nam a2200289Ia 4500
008 240830s9999 xx 000 0 und d
040 |a BIBLIOTECA-RUPAP/ Mon 658.11 C117 
041 |a spa 
082 |a Mon 658.11 C117 
100 1 |a Cabrera Sirias, Warrell Alberto 
100 1 |b Suarez Vanessa Liseth 
100 1 |c Valdivia, Josué Isaías 
245 1 0 |a Estudio de prefactibilidad para la creación de un centro tecnológico en la ciudad de Nindirí 
260 |a Managua  |b UNI  |c 2022 
300 |a 117p. :il. 
500 |a Contiene: anexos y CD. 
502 |a Tesis (Ingeniero de Sistemas) - UNI, 2022. 
520 3 |a El estudio de prefactibilidad para la creación de un centro de capacitación y desarrollo en la ciudad de Nindirí, está compuesto por un análisis con enfoque sistémico y tres estudios que permiten evaluar la factibilidad del centro, dichos estudios son estudio de mercado, técnico y para concluir el financiero. 
650 7 |a NUEVOS NEGOCIOS 
650 7 |b  ESTUDIOS DE FACTIBILIDAD 
650 7 |c  ESTUDIO DE MERCADO 
650 7 |d  ESTUDIO FINANCIERO 
650 7 |e  CENTROS DE ESTUDIOS-NICARAGUA 
700 1 |a Tutor:  |b Selva Mendoza, Mario José 
942 |c BK  |2 ddc 
991 |a Tesis 
999 |c 19163